000 00375nam a2200145Ia 4500
008 151213s9999 xx 000 0 und d
100 _aSamuel Johnson
245 _aLives of The English Poets
_cSamuel Johnson
250 _aV.L - 2
260 _aLondon
_bOxford University Press
_c1906
300 _a4534 p.
650 _aEnglish
700 _aSamuel Johnson
999 _c2909
_d2909